|
|
|
|
| LEADER |
00000nab a2200000 a 4500 |
| 001 |
vtls009301991 |
| 003 |
SK-MaSNL |
| 005 |
20260304152920.0 |
| 008 |
250506c1976 xo |r|p|||||||000 b|slo |
| 015 |
|
|
|a SNBRB1976
|
| 035 |
|
|
|a (uuid)fac530d3-22aa-499a-8995-f042a8f19b57
|
| 035 |
|
|
|a urn:nbn:sk:snk-abdrhc
|
| 035 |
|
|
|a (urnnbn)urn:nbn:sk:snk:ar-000y4b
|
| 038 |
|
|
|a SNKBUCL
|
| 040 |
|
|
|a SNKBUCL
|b slo
|c SNKBUCL
|e AACR2
|
| 041 |
0 |
|
|a slo
|
| 044 |
|
|
|a xo
|c SK
|
| 080 |
|
|
|a 791.43(437.6)
|2 1997
|
| 100 |
1 |
|
|a Bernát, Jozef
|4 aut
|9 376602
|
| 245 |
1 |
0 |
|a Kde sa rodia filmy
|b predstavujeme slovenskú filmovú tvorbu
|c Jozef Bernát
|
| 610 |
2 |
7 |
|a Slovenská filmová tvorba Bratislava-Koliba
|2 snkbucl
|9 178192
|
| 650 |
0 |
7 |
|a slovenské filmy
|2 snkbucl
|9 317290
|
| 773 |
0 |
|
|t Film a divadlo
|g Roč. 20, č. 6 (1976), s. 5-7
|
| 850 |
|
|
|a Slovenská národná knižnica
|
| 852 |
|
|
|a Slovenská národná knižnica
|
| 954 |
|
|
|a odborná, vedecká literatúra pôvodná (slovenská)
|2 lita
|
| 958 |
|
|
|a article19
|
| 958 |
|
|
|a OND
|
| 958 |
|
|
|a SK
|
| 958 |
|
|
|a EUIPO
|
| 999 |
|
|
|c 2951721
|d 2953651
|